A Szegedi Egyetemi Énekkar hangversenye
Elmentve itt :
| Dokumentumtípus: | Cikk |
|---|---|
| Megjelent: |
1935-12-13
|
| Sorozat: | Délmagyarország
11 No. 279 |
| Kulcsszavak: | Kertész Lajos, Zenei élet hangverseny Szeged 1935, zeneélet |
| Online Access: | http://dmarchiv.bibl.u-szeged.hu/62288 |
| LEADER | 00458nab a2200145 i 4500 | ||
|---|---|---|---|
| 001 | delm62288 | ||
| 005 | 20180927151346.0 | ||
| 008 | 180927s1935 hu o 0|| hun d | ||
| 040 | |a SZTE Délmagyarország Archívum |b hun | ||
| 041 | |a hun | ||
| 245 | 0 | 2 | |a A Szegedi Egyetemi Énekkar hangversenye |h [elektronikus dokumentum] |
| 260 | |c 1935-12-13 | ||
| 300 | |a 6 | ||
| 490 | 0 | |a Délmagyarország |v 11 No. 279 | |
| 695 | |a Kertész Lajos, Zenei élet hangverseny Szeged 1935, zeneélet | ||